| 000 | 01123njm a22003017a 4500 | ||
|---|---|---|---|
| 005 | 20100918120820.0 | ||
| 007 | sd ammalaaahaa | ||
| 008 | 100918t xxu||||| |||| 00| 0 hin d | ||
| 028 |
_a2392 372 _bMusic India |
||
| 035 | _aGR-03674 | ||
| 040 | _aSED/VEN | ||
| 100 |
_920657 _aVijay Anand |
||
| 245 |
_aJohny mera naam : _h[sound recording] : _cby Vijay Anand ; music by Kalyanji Anandji ; lyrics by Rajender Krishan _bdialogues and songs |
||
| 246 | _aजोनी मेरा नाम (विजय आनंद ) | ||
| 260 |
_aDum Dum India _bMusic India _c1982 |
||
| 300 |
_a1 sound disc [Gramophone record] : _banalog, 331/3 rpm _c12 in (LP) _fGramophone Record |
||
| 500 | _aBrief Record | ||
| 500 | _aMusic India | ||
| 500 | _aOrange | ||
| 500 | _aLong Play | ||
| 505 | _aJohny mera naam dialogues part 1,2 (Johny Mera Naam) (Vijay Anand) | ||
| 650 |
_vDialogues _xExcerpts _zIndia _920658 |
||
| 700 |
_920659 _aKalyanji Anandji |
||
| 700 |
_920660 _aRajender Krishan |
||
| 700 | _920674 | ||
| 942 |
_2ddc _cGR |
||
| 999 |
_c47033 _d47033 |
||